000 00627nam a22002297a 4500
008 131011b xxu||||| |||| 00| 0 eng d
020 _a3854281625
041 1 _aeng
080 _a347
_x(73)
100 1 _aHaschka, Helmut
245 1 0 _aAspects of U.S. Business and Law /
_cHelmut Haschka.
260 _aWien :
_bService-Fachverlag ;
_c1990.
300 _a327 f. :
_bme il. ;
_c24 cm.
500 _aPreface f. : 7- 8
500 _aIncludes indexes
505 _aBibliography f. : 325 - 327
650 0 _aLigji
_zU.S.
650 0 _aBiznesi
_zU.S.
650 0 _2Etika
_zU.S.
700 1 _aSchmatzer, Hannes
942 _2udc
_cBK
999 _c109
_d109